| 000 | 00818nam a2200217Ia 4500 | ||
|---|---|---|---|
| 003 | GCL | ||
| 008 | 140319s9999 xx 000 0 ara d | ||
| 040 |
_aGCL / _cGCL |
||
| 082 | 0 | 4 |
_aط _b813.02 _bح م |
| 100 | 1 | _aحلمى التونى | |
| 245 | 1 | 0 |
_aمكتبة الدار العربية للكتاب : الغراب والجندب-النحلة والنملة والضفدعة والجندب-الطيران الاول-اليوم الاول-النحلة والدب / _cحلمى التونى |
| 700 | 1 | _aحسن عبدالله | |
| 250 | _aالاولي | ||
| 260 |
_aالقاهرة : _bمكتبة الدار العربية للكتاب ، _c1992 |
||
| 300 |
_a24 سم ؛ _cمتعدد |
||
| 490 | _a | ||
| 650 | 0 | 4 | _aالاطفال |
| 650 | 0 | 4 | _aالقصص |
| 650 | 0 | 4 | _aقصص الاطفال |
| 942 |
_2ddc _cBK |
||
| 999 |
_c56769 _d56769 |
||